000 00380nam a22001337a 4500
005 20260313142649.0
008 260313b |||||||| |||| 00| 0 eng d
040 _cFLL
041 _2eng
_aeng
100 _aRawat, Sunidhi
_91132026
245 _a Critical Analysis of Gender Inequality and the Status of Women in India
260 _aDU
_bFaculty of Law
_c2024
942 _2CC
_cDIS
999 _c1715373
_d1715373